000 00340nam a22001457a 4500
003 OSt
005 20220216144010.0
008 220216b |||||||| |||| 00| 0 eng d
020 _a9789332518629
040 _cH U
082 _212ed
_a629.82
100 _aDorf Richard C.
_930696
245 _aModern Control Systems
942 _2ddc
_cBOOKS
_n0
999 _c30609
_d30609